Speech of Mr. Stiles, of Chatham, on the subject of common-school education, delivered on the 29th of January, 1856 ... (Record no. 19891)

MARC details
000 -LEADER
fixed length control field 00738cam a22002171 4500
001 - CONTROL NUMBER
control field e 15002477
003 - CONTROL NUMBER IDENTIFIER
control field DLC
005 - DATE AND TIME OF LATEST TRANSACTION
control field 20260227111205.0
008 - FIXED-LENGTH DATA ELEMENTS--GENERAL INFORMATION
fixed length control field 780522s1856 gau 00010 eng
010 ## - LIBRARY OF CONGRESS CONTROL NUMBER
LC control number e 15002477 //r923
040 ## - CATALOGING SOURCE
Original cataloging agency DLC
Transcribing agency DLC
Modifying agency DLC
043 ## - GEOGRAPHIC AREA CODE
Geographic area code n-us-ga
050 00 - LIBRARY OF CONGRESS CALL NUMBER
Classification number LA261
Item number .S75
100 10 - MAIN ENTRY--PERSONAL NAME
Personal name Stiles, William H.
Fuller form of name (William Henry),
Dates associated with a name 1809-1865.
245 00 - TITLE STATEMENT
Title Speech of Mr. Stiles, of Chatham, on the subject of common-school education, delivered on the 29th of January, 1856 ...
260 0# - PUBLICATION, DISTRIBUTION, ETC.
Place of publication, distribution, etc. Milledgeville, Ga.,
Name of publisher, distributor, etc. Boughton, Nisbet & Barnes, state printers,
Date of publication, distribution, etc. 1856.
300 ## - PHYSICAL DESCRIPTION
Extent 19, [1] p.
Dimensions 22 cm.
500 ## - GENERAL NOTE
General note Published under resolution of the House.
650 #0 - SUBJECT ADDED ENTRY--TOPICAL TERM
Topical term or geographic name entry element Education
Geographic subdivision Georgia.
650 #0 - SUBJECT ADDED ENTRY--TOPICAL TERM
Topical term or geographic name entry element Education.

No items available.

Powered by Koha